ბათუმის შოთა რუსთაველის სახელმწიფო უნივერსიტეტის ბიბლიოთეკა

პოლიტიკური და სოციალური მოძრაობა მე-19 საუკუნის საქართველოში (ბიბ.ჩანაწერი № 59745)

000 -ლიდერი
ფიქსირებული სიგრძის საკონტროლო ველი 01790nam a22002297a 4500
003 - საკონტროლო ნომრის იდენტიფიკატორი
საკონტროლო ველი Ge_BSU
005 - ბოლო ოპერაციის თარიღი და დრო
საკონტროლო ველი 20230410120938.0
008 - ფიქსირებული სიგრძის მონაცემთა ელემენტები - ზოგადი ინფორმაცია
ფიქსირებული სიგრძის საკონტროლო ველი 230410s2016 ge ||||| |||| 00| 0 geo d
020 ## - წიგნის საერთაშორისო სტანდარტული ნომერი
International Standard Book Number 9789941135033
041 ## - ენის კოდი
Language code of text/sound track or separate title geo
080 ## - უნივერსალური ათობითი კლასიფიკაციის ინდექსი
Universal Decimal Classification number 94(479.22)''18''+94(479.22:470) ჯ-14
100 ## - მთავარი ჩანაწერი - პიროვნების სახელი
Personal name ჯავახიშვილი, ივანე
9 (RLIN) 17573
245 ## - ცნობა სათაურის შესახებ
Title პოლიტიკური და სოციალური მოძრაობა მე-19 საუკუნის საქართველოში
Statement of responsibility, etc ივანე ჯავახიშვილი; რედ. ვაჟა კიკნაძე; მთარგმნელი რუსუდან მახათაძე; ივანე ჯავახიშვილის სახელობის სახელმწიფო უნივერსიტეტი. ივანე ჯავახიშვილის ისტორიისა და ეთნოლოგიის ინსტიტუტი.
264 ## - წარმოების, გამოცემის, დისტრიბუციის და სხვა ცნობები
გამოცემის, წარმოების, დისტრიბუციის... ადგილი თბილისი:
გამოცემის, წარმოების, დისტრიბუციის... სახელწოდება თსუ,
გამოცემის, წარმოების, დისტრიბუციის... თარიღი 2016.
300 ## - ფიზიკური აღწერა
Extent 68 გვ. ;
Other physical details 21 სმ.
504 ## - BIBLIOGRAPHY, ETC. NOTE
Bibliography, etc ბიბლიოგრ. გვ. 67
653 ## - INDEX TERM--UNCONTROLLED
Uncontrolled term პოლიტიკური მოძრაობა საქართველოში
700 ## - ADDED ENTRY--PERSONAL NAME
Personal name კიკნაძე, ვაჟა
Relator term რედაქტორი
9 (RLIN) 5091
700 ## - ADDED ENTRY--PERSONAL NAME
Personal name მახათაძე, რუსუდან
Relator term მთარგმნელი
9 (RLIN) 17574
710 ## - ADDED ENTRY--CORPORATE NAME
Corporate name or jurisdiction name as entry element ივანე ჯავახიშვილის სახელობის სახელმწიფო უნივერსიტეტი.
Subordinate unit ივანე ჯავახიშვილის ისტორიისა და ეთნოლოგიის ინსტიტუტი.
9 (RLIN) 17575
942 ## - ADDED ENTRY ELEMENTS (KOHA)
Source of classification or shelving scheme
Koha item type წიგნი
ეგზემპლარები
ჩამოწერის სტატუსი დაკარგული ეგზემპლარის სტატუსი კლასიფიკაციის წყარო ან თაროზე გაწყობის სქემა დაზიანების სტატუსი არ გაიცემა მუდმივი მდებარეობა (დაცვის ადგილი) ამჟამინდელი ადგილსამყოფელი თაროზე განთავსების ადგილი შეძენის თარიღი ღირებულება, შესყიდვის ნორმალური ფასი სრული შენახვის შიფრი შტრიხკოდი ბოლო ოპერაციის თარიღი ეგზემპლარის მიმდევრობითი ნომერი (კეტერი?) Uniform Resource Identifier ფასის ძალაში შესვლის თარიღი ეგზემპლარის სახეობა საჯარო შენიშვნა
          ბათუმის შოთა რუსთაველის სახელმწიფო უნივერსიტეტის მთავარი ბიბლიოთეკა ბათუმის შოთა რუსთაველის სახელმწიფო უნივერსიტეტის მთავარი ბიბლიოთეკა წიგნსაცავი 2023-04-10 5.00 94(479.22)''18''+94(479.22:470) ჯ-14 64217 2023-04-10 64217 ბსუ-ს საპატიო დოქტორის გურამ ლორთქიფანიძის საჩუქარი 2023-04-10 წიგნი 5 ლ.